000 00532nam a2200217Ia 4500
003 GCL
008 140319s9999 xx 000 0 eng d
040 _aGCL /
_cGCL
082 0 4 _aCH
_b843
_bB P
100 1 _aBURNETT, FRANCES
245 1 0 _aLE PETIT LORD /
_cBURNETT, FRANCES
700 1 _aBOTTET, BEATRICE
700 1 _aPAYNE, ROGER
260 _a[S.N] :
_bHEMMA
300 _a155 P
650 0 4 _aLITERATURE
650 0 4 _aFRENCH FICTION
650 0 4 _aFRENCH LITERATURE
650 0 4 _aCHILDREN - FICTION
942 _2ddc
_cBK
999 _c14619
_d14619